| 000 | 00782nam a2200205Ia 4500 | ||
|---|---|---|---|
| 003 | OSt | ||
| 005 | 20241119104554.0 | ||
| 007 | ca aa aaaaa | ||
| 008 | 201103s9999 xx 000 0 und d | ||
| 040 | _cSSBUL | ||
| 041 | _abur | ||
| 082 |
_223 _a၂၉၄.၃၆၃ ကျော် _b၉၂၈၉ S-SAT |
||
| 100 | 0 | _aကျော်၊ ဦး၊ ဆုထူးပန်- | |
| 245 | 1 | 0 |
_aဆုထူးပန်ဗုဒ္ဓဝင် / _cဆုထူးပန်ဦးကျော်။ |
| 260 |
_aရန်ကုန် ၊ _bဆုထူးပန်စာပေ၊ _c၁၉၇၁။ |
||
| 300 |
_aတ၊ ၂၁၅ စာမျက်နှာ ၊ _c၁၈ စင်တီ။ |
||
| 500 | _aS-SAT: Dr. Sai Aung Tun | ||
| 650 | _aဗုဒ္ဓဝင် | ||
| 942 |
_2ddc _cBK1 |
||
| 999 |
_c16808 _d16808 |
||